00383nas a22001217a 4500008004100000022001300041245008200054260005700136300000900193310001400202546002300216650002200239120704t19819999sp ||||| |||| 00| 0 spa d a02126567 aAtención PrimariacSociedad Española de Medicina de Familia y Comunitaria aBarcelona :bPublicaciones Profesionales S.A.,c1981 av. : aquincenal aTexto en español aATENCION PRIMARIA